00446nam a2200121Ia 45000010005000000080041000050820025000461000088000712450099001592600023002589010028002819990015003093135241024s9999 xx 000 0 und d aRD/378.97293/R426s/6 aRepública Dominicana.Secretaría de Estado de Educación Superiory Tecnología 0aSituación y perspectiva del estudiante que ingresa por primera vez a la Educación Superior bEd. Manatíc2007 a20/8/2013 11:57:01 a.m. c8336d8336